<?xml version="1.0" encoding="UTF-8"?>
<collection xmlns="http://www.loc.gov/MARC21/slim">
 <record>
  <leader>01735nam a2200253 a 4500</leader>
  <controlfield tag="001">TVCDKTCT9978</controlfield>
  <controlfield tag="003">Thư viện trường Cao đẳng Kỹ thuật Cao Thắng</controlfield>
  <controlfield tag="005">20080805000000</controlfield>
  <controlfield tag="008">080805</controlfield>
  <datafield tag="980" ind1="\" ind2="\">
   <subfield code="a">Thư viện Trường CĐ Kỹ Thuật Cao Thắng</subfield>
  </datafield>
  <datafield tag="024" ind1=" " ind2=" ">
   <subfield code="a">RG_1 #1 eb0 i1</subfield>
  </datafield>
  <datafield tag="020" ind1="#" ind2="#">
   <subfield code="a">0071458883</subfield>
  </datafield>
  <datafield tag="041" ind1="0" ind2="#">
   <subfield code="a">vie</subfield>
  </datafield>
  <datafield tag="082" ind1="#" ind2="#">
   <subfield code="a">613.713 / </subfield>
   <subfield code="b">W200I-g</subfield>
  </datafield>
  <datafield tag="100" ind1="1" ind2="#">
   <subfield code="a">Miller Erik</subfield>
  </datafield>
  <datafield tag="245" ind1="0" ind2="0">
   <subfield code="a">Weight Training By Design /</subfield>
   <subfield code="c">Miller Erik</subfield>
  </datafield>
  <datafield tag="260" ind1="#" ind2="#">
   <subfield code="a">American :</subfield>
   <subfield code="b">MC Graw Hill ,</subfield>
   <subfield code="c">2006</subfield>
  </datafield>
  <datafield tag="300" ind1="#" ind2="#">
   <subfield code="a">272tr.</subfield>
  </datafield>
  <datafield tag="520" ind1="#" ind2="#">
   <subfield code="a">An efficient, balanced system that maximizes Weight training workout results—no matter what your level</subfield>
  </datafield>
  <datafield tag="520" ind1="#" ind2="#">
   <subfield code="a">Weight Training by Design is the first introduction to a groundbreaking new weight-training program. Whether you’re a beginner or have years of experience, the BAM Superset™ system (Balanced Antagonistic Muscles) is a technique that works opposing muscle groups to save time, prevent injury, and build strength faster. In addition to explanations of correct exercise techniques, this book provides essential information on cardiovascular training, diet, rest, stretching, and posture. </subfield>
  </datafield>
  <datafield tag="520" ind1="#" ind2="#">
   <subfield code="a">“I believe this book will become a common staple in all fitness and weight room facilities.” —Eric McCarty, M.D., Chief, Sports Medicine &amp; Shoulder Surgery, University of Colorado School of Medicine, Head Team Physician, University of Colorado</subfield>
  </datafield>
  <datafield tag="520" ind1="#" ind2="#">
   <subfield code="a">About the Author</subfield>
  </datafield>
  <datafield tag="520" ind1="#" ind2="#">
   <subfield code="a">Dale Greenwald is an exercise physiologist and certified strength and conditioning specialist. Erik Miller is a certified personal trainer with a strong background in human anatomy. Both authors live and train in Boulder, Colorado.</subfield>
  </datafield>
  <datafield tag="650" ind1="#" ind2="4">
   <subfield code="a">Weight training</subfield>
  </datafield>
 </record>
</collection>
